[Event "10th Panam-ch (w)"]
[Site "Montevideo URU"]
[Date "2012.11.27"]
[Round "6"]
[White "Nunez Marquina, Nataly Massiel"]
[Black "Heredia Serrano, Carla"]
[Result "1/2-1/2"]
[WhiteElo "1933"]
[BlackElo "2206"]
[EventDate "2012.11.24"]
[PlyCount "41"]

1.e4 e6 2.d4 d5 3.Nc3 Bb4 4.e5 c5 5.a3 Bxc3+ 6.bxc3 Ne7 7.Nf3 b6 8.a4 Qc7 
9.Bb5+ Bd7 10.Bd3 Nbc6 11.Bd2 c4 12.Be2 f6 13.exf6 gxf6 14.Nh4 O-O-O 15.f4
Ng6 16.Nxg6 hxg6 17.O-O g5 18.Qe1 Rdg8 19.Qg3 gxf4 20.Qxf4 Qxf4 21.Rxf4 
1/2-1/2

[Event "10th Panam-ch (w)"]
[Site "Montevideo URU"]
[Date "2012.11.27"]
[Round "6"]
[White "Feliciano Ebert, Vanessa"]
[Black "Aliaga Fernandez, Ingrid"]
[Result "1-0"]
[WhiteElo "2267"]
[BlackElo "2175"]
[EventDate "2012.11.24"]
[PlyCount "63"]

1.d4 d5 2.c4 dxc4 3.e4 e5 4.Nf3 exd4 5.Bxc4 Bb4+ 6.Nbd2 Nf6 7.O-O Nc6 8.e5
Nd5 9.Nb3 Nb6 10.Bb5 Qd5 11.Bxc6+ Qxc6 12.Bg5 Bg4 13.Qxd4 Qc4 14.Rac1 Qxd4
15.Nfxd4 c6 16.f3 Be6 17.Rfd1 h6 18.Nxe6 fxe6 19.Be3 Nd5 20.Bc5 a5 21.a3 
Bxc5+ 22.Nxc5 Ke7 23.Nxb7 Rhb8 24.Nc5 Rxb2 25.Ne4 Ra6 26.Rd2 Rxd2 27.Nxd2 
Rb6 28.Rc5 a4 29.Ra5 Rb2 30.Ra7+ Kf8 31.Nc4 Nf4 32.Nxb2 1-0

[Event "10th Panam-ch (w)"]
[Site "Montevideo URU"]
[Date "2012.11.27"]
[Round "6"]
[White "Colombo Sere, Camila"]
[Black "Martinez, Ayelen"]
[Result "0-1"]
[WhiteElo "2090"]
[BlackElo "2088"]
[EventDate "2012.11.24"]
[PlyCount "82"]

1.d4 Nf6 2.c4 g6 3.Nc3 Bg7 4.e4 d6 5.Bg5 O-O 6.Qd2 Nbd7 7.f3 c5 8.Nge2 a6 
9.d5 b5 10.cxb5 Ne5 11.Nc1 axb5 12.Bxb5 Ba6 13.Bxa6 Rxa6 14.O-O Qa5 15.Qe2
h6 16.Bh4 g5 17.Be1 Rb8 18.h4 c4 19.hxg5 hxg5 20.Rb1 Nh5 21.g3 Qc5+ 22.Bf2
Qc8 23.Kg2 Ng6 24.Qc2 Bxc3 25.Rh1 Nhf4+ 26.gxf4 Nxf4+ 27.Kf1 Be5 28.Be3 
Kf8 29.a3 Ke8 30.Na2 Rb3 31.Kf2 Rxe3 32.Kxe3 Qc5+ 33.Kd2 Qf2+ 34.Kc1 Nd3+ 
35.Kd1 Qxf3+ 36.Qe2 Nf2+ 37.Ke1 Qxh1+ 38.Kxf2 Qxb1 39.Qxc4 Qxb2+ 40.Kf1 
Qb7 41.a4 Rb6 0-1

[Event "10th Panam-ch (w)"]
[Site "Montevideo URU"]
[Date "2012.11.27"]
[Round "6"]
[White "Fierro Baquero, Martha"]
[Black "Sanchez Zambrano, Vanessa"]
[Result "1-0"]
[WhiteElo "2364"]
[BlackElo "1942"]
[EventDate "2012.11.24"]
[PlyCount "99"]

1.c4 Nf6 2.g3 g6 3.Bg2 Bg7 4.Nc3 O-O 5.d3 d6 6.Nf3 c6 7.O-O e5 8.Rb1 Nbd7 
9.b4 Qe7 10.Nd2 c5 11.bxc5 Nxc5 12.Nb5 Rd8 13.Nb3 Bf5 14.Ba3 Nfd7 15.Nc7 
Rac8 16.Nd5 Qe6 17.Nxc5 Nxc5 18.Bxc5 dxc5 19.Rxb7 Rd7 20.Qb3 Rcd8 21.e4 
Bh3 22.Rxd7 Qxd7 23.Bxh3 Qxh3 24.Rb1 Qg4 25.Qb8 Qd1+ 26.Rxd1 Rxb8 27.Rd2 
Kf8 28.Kf1 Ke8 29.Ke2 Kd7 30.Rc2 h5 31.Kf3 Bf8 32.Rc3 Bd6 33.Ra3 Rb7 34.
Ke3 Kc8 35.f4 Kd7 36.Nc3 Bb8 37.Nb5 exf4+ 38.gxf4 Ke7 39.Ra6 Rd7 40.Nc3 
Rb7 41.Nd5+ Kd7 42.Rf6 Kd8 43.e5 g5 44.Rh6 gxf4+ 45.Kxf4 Rb1 46.Rh8+ Kd7 
47.Nf6+ Kc7 48.Rf8 Rf1+ 49.Ke4 Re1+ 50.Kd5 1-0

[Event "10th Panam-ch (w)"]
[Site "Montevideo URU"]
[Date "2012.11.27"]
[Round "6"]
[White "Vargas Talavera, Gabriela"]
[Black "Besso, Guadalupe"]
[Result "1-0"]
[WhiteElo "2055"]
[BlackElo "1744"]
[EventDate "2012.11.24"]
[PlyCount "59"]

1.d4 Nf6 2.c4 g6 3.Nc3 d5 4.cxd5 Nxd5 5.e4 Nxc3 6.bxc3 Bg7 7.Bc4 O-O 8.Ne2
c5 9.O-O Nc6 10.Be3 cxd4 11.cxd4 Bg4 12.f3 Na5 13.Bd3 Be6 14.d5 Bxa1 15.
Qxa1 f6 16.Qd4 Bf7 17.Bh6 Re8 18.Bb5 e5 19.Qf2 Re7 20.f4 exf4 21.Qxf4 Qb6+
22.Kh1 Bxd5 23.exd5 Qxb5 24.Qxf6 Qe8 25.Qc3 Rc8 26.Qxa5 Rxe2 27.Qb4 Qe7 
28.d6 Qe4 29.Qb3+ Kh8 30.Qc3+ 1-0

[Event "10th Panam-ch (w)"]
[Site "Montevideo URU"]
[Date "2012.11.27"]
[Round "6"]
[White "Felix Vega, Aurora Edith"]
[Black "Abarca Gonzalez, Damaris"]
[Result "1-0"]
[WhiteElo "1963"]
[BlackElo "2047"]
[EventDate "2012.11.24"]
[PlyCount "42"]

1.e4 c5 2.Nf3 e6 3.d4 cxd4 4.Nxd4 a6 5.Nc3 Qc7 6.Be2 Nf6 7.O-O b5 8.Bf3 
Bb7 9.e5 b4 10.exf6 bxc3 11.Bg5 g6 12.bxc3 d5 13.Re1 e5 14.Rb1 e4 15.c4 
Bc5 16.Bh6 Nd7 17.cxd5 O-O-O 18.Bxe4 Nxf6 19.d6 Qxd6 20.Bxb7+ Kc7 21.Qf3 
Ng4 1-0

[Event "10th Panam-ch (w)"]
[Site "Montevideo URU"]
[Date "2012.11.27"]
[Round "6"]
[White "Silva Rosas, Natalia"]
[Black "Costa Pasarello, Anaclara"]
[Result "1-0"]
[WhiteElo "1924"]
[BlackElo "1670"]
[EventDate "2012.11.24"]
[PlyCount "139"]

1.f4 f5 2.Nf3 Nf6 3.d3 e6 4.Nbd2 d6 5.e4 Nc6 6.c3 e5 7.fxe5 dxe5 8.exf5 
Bxf5 9.Qe2 Qe7 10.Ne4 Nxe4 11.dxe4 Bg4 12.Qf2 Qf7 13.Bb5 Bd7 14.Bg5 Be7 
15.O-O h6 16.Bxe7 Qxe7 17.Nh4 Rf8 18.Qxf8+ Qxf8 19.Rxf8+ Kxf8 20.Ng6+ Kg8 
21.Rf1 Re8 22.h3 a6 23.Bc4+ Be6 24.Bd5 Bxd5 25.exd5 Nd8 26.Re1 Nf7 27.Kf2 
Kh7 28.Nh4 Nd6 29.b3 e4 30.g4 g5 31.Ng2 Rf8+ 32.Kg1 b5 33.Ne3 Rf3 34.Kg2 
Kg6 35.c4 bxc4 36.bxc4 Rf8 37.a4 Rb8 38.c5 Rb2+ 39.Kg3 Ne8 40.Nc4 Rb3+ 41.
Kf2 Rf3+ 42.Kg2 Rf4 43.Ne5+ Kf6 44.Nd7+ Ke7 45.Nb8 Nf6 46.Nc6+ Ke8 47.Nb4 
a5 48.Nd3 Rf3 49.Nf2 Rf4 50.Nd3 Rf3 51.Rxe4+ Nxe4 52.Kxf3 Nf6 53.d6 cxd6 
54.cxd6 Kd7 55.Nc5+ Kxd6 56.Nb7+ Ke5 57.Nxa5 Nd5 58.Nc4+ Kd4 59.Nd6 Kc5 
60.Nf7 Nf4 61.Kg3 Kb4 62.Nxh6 Kxa4 63.Nf7 Ne6 64.Kf3 Kb5 65.Ke4 Kc5 66.Kf5
Kd5 67.Nxg5 Nd4+ 68.Kf6 Ne2 69.h4 Nf4 70.h5 1-0

[Event "10th Panam-ch (w)"]
[Site "Montevideo URU"]
[Date "2012.11.27"]
[Round "6"]
[White "Casusol Guzman, Cecilia Orilia"]
[Black "De Leon De San Vicente, Patricia"]
[Result "1-0"]
[WhiteElo "1991"]
[BlackElo "1847"]
[EventDate "2012.11.24"]
[PlyCount "137"]

1.e4 e6 2.d4 d5 3.Nd2 Nf6 4.e5 Nfd7 5.Bd3 c5 6.c3 Nc6 7.Ne2 cxd4 8.cxd4 f6
9.exf6 Nxf6 10.O-O Bd6 11.Nf3 Qc7 12.Re1 O-O 13.Ng3 Bd7 14.Bg5 Ng4 15.Rc1 
Qb6 16.h3 Nxf2 17.Kxf2 Qxd4+ 18.Re3 Qxb2+ 19.Re2 Qb6+ 20.Be3 Qc7 21.Nf1 e5
22.Bb5 d4 23.Bg5 Qb6 24.Bd3 Be6 25.Ng3 h6 26.Bd2 Rf7 27.Kg1 Raf8 28.Rf2 
Ne7 29.Qe2 Nd5 30.Qe4 Nf6 31.Qg6 e4 32.Bxe4 Nxe4 33.Nxe4 Bf4 34.Bxf4 Rxf4 
35.Nfg5 hxg5 36.Nxg5 R8f6 37.Qe8+ Rf8 38.Qg6 R8f6 39.Qe8+ Rf8 40.Qh5 R8f6 
41.Rxf4 d3+ 42.Kh2 Rxf4 43.Qe8+ Rf8 44.Qxe6+ Qxe6 45.Nxe6 Rf2 46.Rc8+ Kh7 
47.Rd8 Rxa2 48.Rxd3 b5 49.Rd7 Kg6 50.Rb7 a6 51.Nxg7 b4 52.Ne6 a5 53.Nd4 
Ra3 54.Rb6+ Kg5 55.Rb5+ Kf4 56.Nc6 Ke4 57.Nxa5 Kd3 58.Rxb4 Rxa5 59.h4 Ke3 
60.Kg3 Rh5 61.Kg4 Rh8 62.g3 Rg8+ 63.Kh3 Rh8 64.Rb5 Kf3 65.h5 Rg8 66.g4 Rd8
67.Rb4 Rg8 68.Kh4 Rh8 69.g5 1-0

[Event "10th Panam-ch (w)"]
[Site "Montevideo URU"]
[Date "2012.11.27"]
[Round "6"]
[White "Larrea Llorca, Maria Daniela"]
[Black "De San Vicente Yanes, Sabrina"]
[Result "1/2-1/2"]
[WhiteElo "1652"]
[BlackElo "1748"]
[EventDate "2012.11.24"]
[PlyCount "72"]

1.d4 d5 2.e3 Bf5 3.Bd3 Bxd3 4.Qxd3 c6 5.Nf3 e6 6.Nc3 Bd6 7.e4 Ne7 8.e5 Bc7
9.O-O h6 10.Nh4 Nd7 11.f4 g6 12.g4 Rg8 13.Kh1 f5 14.gxf5 gxf5 15.Rg1 Rxg1+
16.Kxg1 Nf8 17.Qh3 Bb6 18.Be3 Kd7 19.Kf2 Qe8 20.Nf3 Qg6 21.Rg1 Qh7 22.Nh4 
Nfg6 23.Nxg6 Nxg6 24.Ne2 Rg8 25.c3 Bd8 26.Kf1 Rh8 27.Qh5 Ne7 28.Bf2 Nc8 
29.Bh4 Bxh4 30.Qxh4 Ne7 31.Qf6 Rg8 32.Rxg8 Qxg8 33.Qh4 Qg7 34.Kf2 Qg6 35.
Ng3 Ng8 36.Qh5 Qxh5 1/2-1/2

[Event "10th Panam-ch (w)"]
[Site "Montevideo URU"]
[Date "2012.11.27"]
[Round "6"]
[White "De Leon, Daiana"]
[Black "De Leon De San Vicente, Veronica"]
[Result "0-1"]
[WhiteElo "1723"]
[BlackElo "1690"]
[EventDate "2012.11.24"]
[PlyCount "110"]

1.d4 d5 2.c4 e6 3.Nc3 Nf6 4.Bg5 Nbd7 5.e3 c6 6.Nf3 Bb4 7.cxd5 exd5 8.Bd3 
O-O 9.Qc2 Be7 10.O-O Re8 11.Rab1 a5 12.a3 Nf8 13.Rfc1 Ne4 14.Bxe7 Qxe7 15.
Ne2 Bg4 16.Ne5 Bxe2 17.Qxe2 Nd7 18.Nf3 Qe6 19.Nh4 Qh6 20.Qg4 Ndf6 21.Qh3 
Qh5 22.Nf3 Qxh3 23.gxh3 g5 24.Rc2 Kh8 25.Bxe4 Nxe4 26.Ne5 Nd6 27.Kh1 Re7 
28.Rg1 f6 29.Nd3 Ne4 30.Nc5 Nd6 31.Rg3 h5 32.Na4 Kg7 33.Nb6 Rf8 34.b3 Kg6 
35.Rg1 f5 36.Kg2 f4 37.exf4 Rxf4 38.Rd1 Nb5 39.Nc8 Ree4 40.Rcd2 Rxd4 41.a4
Rxd2 42.Rxd2 Nd4 43.Rd3 Ne6 44.Nd6 Nc5 45.Re3 Rf8 46.Ne8 Ne4 47.Rxe4 dxe4 
48.Nd6 Rf3 49.Nxb7 Rxb3 50.Nxa5 Rb6 51.Nc4 Ra6 52.a5 Kf5 53.f3 c5 54.fxe4+
Kxe4 55.Nd6+ Rxd6 0-1

[Event "10th Panam-ch (w)"]
[Site "Montevideo URU"]
[Date "2012.11.27"]
[Round "6"]
[White "Miraballes Lopez, Carol"]
[Black "Perez Cardozo, Cecilia Manuela"]
[Result "1-0"]
[WhiteElo "1568"]
[BlackElo "1603"]
[EventDate "2012.11.24"]
[PlyCount "123"]

1.d4 e6 2.c4 f5 3.Nf3 Nf6 4.Nc3 Be7 5.g3 d6 6.Bg2 O-O 7.O-O Qe8 8.e3 Ne4 
9.Nxe4 fxe4 10.Nd2 d5 11.cxd5 exd5 12.f3 exf3 13.Rxf3 Rxf3 14.Qxf3 c6 15.
b3 Nd7 16.h4 Nf6 17.Bb2 Bg4 18.Qf4 Qd7 19.e4 Rf8 20.exd5 Nxd5 21.Bxd5+ 
cxd5 22.Qe3 Qe6 23.Qxe6+ Bxe6 24.Re1 Rf6 25.Kg2 Rg6 26.Nf3 Bb4 27.Rf1 Rf6 
28.Rf2 Bg4 29.Ne5 Rxf2+ 30.Kxf2 Bf5 31.g4 Be4 32.Bc1 Bb1 33.a3 Bc3 34.Ke3 
Kf8 35.Nf3 Be4 36.Ng5 Bc2 37.Kf4 h6 38.Ne6+ Kf7 39.Ke5 Bd1 40.g5 h5 41.Nf4
Bxb3 42.g6+ Ke7 43.Nxh5 Be1 44.Nxg7 Bxh4 45.Nf5+ Kf8 46.Nxh4 Kg7 47.Bg5 
Bc2 48.Bf6+ Kg8 49.Nf5 Bxf5 50.Kxf5 Kf8 51.g7+ Kg8 52.Ke6 b5 53.Kxd5 a5 
54.a4 b4 55.Kc4 Kf7 56.d5 Kxf6 57.g8=Q Ke5 58.Qg3+ Kf5 59.Qb3 Ke4 60.d6 
Ke5 61.Qc2 b3 62.Kxb3 1-0

[Event "10th Panam-ch (w)"]
[Site "Montevideo URU"]
[Date "2012.11.28"]
[Round "7"]
[White "Heredia Serrano, Carla"]
[Black "Feliciano Ebert, Vanessa"]
[Result "1/2-1/2"]
[WhiteElo "2206"]
[BlackElo "2267"]
[EventDate "2012.11.24"]
[PlyCount "114"]

1.e4 d5 2.exd5 Nf6 3.Bb5+ Bd7 4.Bc4 Bg4 5.f3 Bf5 6.Nc3 Nbd7 7.Nge2 Nb6 8.
Bb3 Nfxd5 9.O-O e6 10.Nxd5 Nxd5 11.Ng3 Bg6 12.d4 Be7 13.c4 Nb6 14.Be3 O-O 
15.Ne4 c6 16.Qe2 a5 17.a4 Nd7 18.Bf2 Qb6 19.Bc2 Qd8 20.Rad1 Nf6 21.b3 Rc8 
22.Bg3 Nh5 23.Be5 Bb4 24.c5 b6 25.Bd6 Re8 26.Be5 f6 27.Bd6 e5 28.dxe5 Nf4 
29.Qf2 f5 30.Ng3 bxc5 31.Bxf5 Bxf5 32.Nxf5 Qg5 33.Ng3 Bc3 34.Qxc5 Bxe5 35.
Rfe1 Bf6 36.Rxe8+ Rxe8 37.Qxg5 Bxg5 38.Ne4 Bh6 39.g4 Ne6 40.Kf2 Bf4 41.
Bxf4 Nxf4 42.Rd6 Rc8 43.Nc5 Nd5 44.Nb7 Rb8 45.Rd8+ Rxd8 46.Nxd8 Nb4 47.Nb7
Kf7 48.Nxa5 Ke6 49.Nc4 Nd3+ 50.Ke3 Nc5 51.a5 Kd5 52.Kf4 Kd4 53.Ne5 Kd5 54.
h4 Ne6+ 55.Kf5 Nd4+ 56.Kf4 Ne6+ 57.Kf5 Nd4+ 1/2-1/2

[Event "10th Panam-ch (w)"]
[Site "Montevideo URU"]
[Date "2012.11.28"]
[Round "7"]
[White "Aliaga Fernandez, Ingrid"]
[Black "Nunez Marquina, Nataly Massiel"]
[Result "1-0"]
[WhiteElo "2175"]
[BlackElo "1933"]
[EventDate "2012.11.24"]
[PlyCount "139"]

1.e4 c5 2.Nf3 e6 3.c4 a6 4.Nc3 Qc7 5.Be2 Nf6 6.O-O d6 7.d4 cxd4 8.Nxd4 b6 
9.Be3 Bb7 10.f3 Nbd7 11.Rc1 Rc8 12.b3 Be7 13.Qd2 Qb8 14.Rfd1 O-O 15.Kh1 
Rfe8 16.Nc2 d5 17.exd5 exd5 18.Bf4 Bd6 19.Bxd6 Qxd6 20.Bf1 Qe5 21.Re1 Qh5 
22.Rxe8+ Rxe8 23.Nxd5 Nxd5 24.cxd5 Qxd5 25.Qxd5 Bxd5 26.Bxa6 Nc5 27.Bb5 
Ra8 28.Nb4 Be6 29.Kg1 Rd8 30.h3 g6 31.Re1 Kg7 32.Re2 Rd4 33.Nc2 Rd1+ 34.
Kh2 Kf6 35.Ne3 Ra1 36.Nc4 Nd3 37.Nxb6 Nc1 38.Re1 Nxb3 39.Rxe6+ Kxe6 40.
Bc4+ Kd6 41.Bxb3 Kc5 42.Nc4 f6 43.Ne3 Re1 44.Ng4 f5 45.Nf6 h6 46.h4 Kd4 
47.Nd5 Ke5 48.Kg3 Re2 49.Nb4 f4+ 50.Kh3 g5 51.Nc6+ Kf6 52.a4 Re1 53.hxg5+ 
hxg5 54.Kh2 Rc1 55.Na5 Ke5 56.Bc4 Kd6 57.Bb5 Rc2 58.Nc4+ Kc5 59.Ne5 Kd4 
60.Nc6+ Kc5 61.Kh3 Ra2 62.Nd8 Kd5 63.Nf7 g4+ 64.Kxg4 Rxg2+ 65.Kxf4 Rg8 66.
Ng5 Rg7 67.Kf5 Rc7 68.Ne6 Ra7 69.f4 Re7 70.Ng5 1-0

[Event "10th Panam-ch (w)"]
[Site "Montevideo URU"]
[Date "2012.11.28"]
[Round "7"]
[White "Vargas Talavera, Gabriela"]
[Black "Fierro Baquero, Martha"]
[Result "1/2-1/2"]
[WhiteElo "2055"]
[BlackElo "2364"]
[EventDate "2012.11.24"]
[PlyCount "98"]

1.d4 g6 2.c4 Bg7 3.Nc3 d6 4.e4 Nf6 5.f3 O-O 6.Be3 Nc6 7.Qd2 a6 8.Bd3 e5 9.
d5 Nd4 10.Nge2 Nd7 11.Bg5 Qe8 12.Bh6 c5 13.h4 Qe7 14.Bxg7 Kxg7 15.h5 Nf6 
16.Ng3 Bd7 17.Nd1 b5 18.Ne3 Kh8 19.Nc2 Rab8 20.b3 bxc4 21.Bxc4 Bb5 22.Ne3 
a5 23.Bxb5 Rxb5 24.Ng4 Nxg4 25.fxg4 a4 26.bxa4 Rb4 27.O-O Qh4 28.Qf2 f6 
29.Rab1 Qxg4 30.hxg6 hxg6 31.Rxb4 cxb4 32.Rb1 Qxg3 33.Qxg3 Ne2+ 34.Kf2 
Nxg3 35.Kxg3 Rc8 36.Rxb4 Rc3+ 37.Kf2 Rc2+ 38.Kf3 Rxa2 39.g4 Kg7 40.Rb6 
Ra3+ 41.Kf2 Rxa4 42.Kf3 Kh6 43.Rxd6 Kg5 44.Re6 Ra3+ 45.Kf2 Rd3 46.Ra6 f5 
47.gxf5 gxf5 48.exf5 Kxf5 49.d6 Ke6 1/2-1/2

[Event "10th Panam-ch (w)"]
[Site "Montevideo URU"]
[Date "2012.11.28"]
[Round "7"]
[White "Martinez, Ayelen"]
[Black "Felix Vega, Aurora Edith"]
[Result "0-1"]
[WhiteElo "2088"]
[BlackElo "1963"]
[EventDate "2012.11.24"]
[PlyCount "144"]

1.e4 c5 2.Nf3 e6 3.d4 cxd4 4.Nxd4 Nf6 5.Nc3 Nc6 6.Be2 Bb4 7.Nxc6 bxc6 8.e5
Nd5 9.Bd2 Qc7 10.Nxd5 Bxd2+ 11.Qxd2 cxd5 12.Qd4 O-O 13.O-O Qxc2 14.Bd3 Qc7
15.Qh4 g6 16.Rfe1 d6 17.Rac1 Qb6 18.Re3 h5 19.Rh3 dxe5 20.g4 Qxb2 21.Qg5 
e4 22.Be2 e5 23.Bd1 e3 24.Qxe3 e4 25.Qg5 Bxg4 26.Bxg4 hxg4 27.Rh4 Rae8 28.
Rd1 e3 29.fxe3 Qe2 30.Rf1 Qxe3+ 31.Qxe3 Rxe3 32.Rxg4 Re4 33.Rg3 d4 34.Ra3 
Re7 35.Rd1 Rd8 36.Kf2 f5 37.Ra6 Kf7 38.Rg1 d3 39.Raxg6 Re2+ 40.Kf3 Rxh2 
41.Rg7+ Kf6 42.R1g6+ Ke5 43.Rxa7 d2 44.Re7+ Kd4 45.Rg1 Kd3 46.a4 Kc2 47.
Rc7+ Kb3 48.Rb1+ Ka2 49.Rd1 Rd3+ 50.Kf4 Rf2+ 51.Kg5 f4 52.a5 Rd5+ 53.Kg4 
Kb2 54.a6 Ra5 55.a7 Ra4 56.Kh3 Rf3+ 57.Kg2 Rd3 58.Kf2 f3 59.Kf1 Raa3 60.
Kf2 Ra6 61.Kf1 Raa3 62.Kf2 Ra4 63.Kf1 Raa3 64.Kf2 Rd8 65.Kf1 Ra1 66.Rb7+ 
Ka2 67.Rxa1+ Kxa1 68.a8=Q+ Rxa8 69.Rd7 Ra2 70.Rd8 Kb1 71.Rd7 Kc1 72.Rc7+ 
Rc2 0-1

[Event "10th Panam-ch (w)"]
[Site "Montevideo URU"]
[Date "2012.11.28"]
[Round "7"]
[White "Besso, Guadalupe"]
[Black "Colombo Sere, Camila"]
[Result "1-0"]
[WhiteElo "1744"]
[BlackElo "2090"]
[EventDate "2012.11.24"]
[PlyCount "72"]

1.d4 Nf6 2.c4 g6 3.Nc3 Bg7 4.e4 d6 5.f4 O-O 6.Nf3 c5 7.d5 e6 8.dxe6 fxe6 
9.Bd3 Nc6 10.O-O Nd4 11.Nxd4 cxd4 12.Nb5 Ne8 13.Qb3 Kh8 14.Bd2 b6 15.e5 
dxe5 16.Be4 Rb8 17.Qh3 exf4 18.Bxg6 h6 19.Bb4 e5 20.Qh5 Rf6 21.Bxe8 Rf5 
22.Qg6 Rg5 23.Nd6 Rb7 24.Nf7+ Rxf7 25.Qxf7 d3 26.Bc6 Qd4+ 27.Kh1 Bf5 28.
Bc3 Qc5 29.Qe8+ Kh7 30.b4 Qxc4 31.Rac1 Bg6 32.Qd7 Qxa2 33.Bxe5 Rxe5 34.Bf3
Qd2 35.Rc7 Bf7 36.Qxf7 Rg5 1-0

[Event "10th Panam-ch (w)"]
[Site "Montevideo URU"]
[Date "2012.11.28"]
[Round "7"]
[White "Sanchez Zambrano, Vanessa"]
[Black "Casusol Guzman, Cecilia Orilia"]
[Result "1-0"]
[WhiteElo "1942"]
[BlackElo "1991"]
[EventDate "2012.11.24"]
[PlyCount "111"]

1.d4 Nf6 2.c4 g6 3.Nc3 Bg7 4.e4 d6 5.Nf3 O-O 6.Be2 Nc6 7.O-O e5 8.d5 Ne7 
9.a4 Ne8 10.b4 h6 11.c5 f5 12.Nd2 Nf6 13.Ba3 Rf7 14.Rc1 Bf8 15.cxd6 cxd6 
16.Nb5 Ne8 17.a5 Bd7 18.Bb2 Bg7 19.Qb3 f4 20.Na3 Bf6 21.Bb5 Bxb5 22.Nxb5 
Qd7 23.Qd3 g5 24.f3 h5 25.Na3 Ng6 26.Qb5 Qd8 27.a6 Rb8 28.Nac4 Nc7 29.Qa5 
Nxa6 30.Nb3 Rd7 31.b5 Qxa5 32.Nbxa5 Nb4 33.Rfd1 Rc8 34.Ba3 b6 35.Nc6 Nxc6 
36.dxc6 Rdd8 37.Nxd6 Rc7 38.Nf5 Kf7 39.Rxd8 Bxd8 40.Bd6 Rc8 41.Ra1 Ra8 42.
c7 Bf6 43.Rxa7 Rc8 44.Rb7 Ke8 45.Rxb6 Kd7 46.Rb7 Nh8 47.b6 Nf7 48.Rb8 Nh8 
49.Rxc8 Kxc8 50.Be7 Nf7 51.Bxf6 Kb7 52.Ne7 Nd6 53.Bxe5 Nc8 54.Nxc8 Kxc8 
55.Bd4 h4 56.e5 1-0

[Event "10th Panam-ch (w)"]
[Site "Montevideo URU"]
[Date "2012.11.28"]
[Round "7"]
[White "Abarca Gonzalez, Damaris"]
[Black "Silva Rosas, Natalia"]
[Result "1-0"]
[WhiteElo "2047"]
[BlackElo "1924"]
[EventDate "2012.11.24"]
[PlyCount "39"]

1.e4 c5 2.Nf3 e6 3.d4 cxd4 4.Nxd4 a6 5.c4 Nc6 6.Nb3 d6 7.Nc3 e5 8.Be2 g6 
9.Be3 f5 10.Nd5 Kf7 11.Bb6 Qh4 12.Nc7 Rb8 13.Qd5+ Ke7 14.c5 Qxe4 15.cxd6+ 
Kf6 16.Ne8+ Kg5 17.h4+ Kh6 18.Be3+ g5 19.hxg5+ Kg6 20.Bh5# 1-0

[Event "10th Panam-ch (w)"]
[Site "Montevideo URU"]
[Date "2012.11.28"]
[Round "7"]
[White "Costa Pasarello, Anaclara"]
[Black "Larrea Llorca, Maria Daniela"]
[Result "0-1"]
[WhiteElo "1670"]
[BlackElo "1652"]
[EventDate "2012.11.24"]
[PlyCount "102"]

1.d4 d5 2.c4 e6 3.Nc3 c6 4.Nf3 Bd6 5.Qc2 f5 6.g3 Nf6 7.Bg2 O-O 8.O-O Nbd7 
9.a3 dxc4 10.e4 Nh5 11.Ng5 Nb6 12.Bf3 Be7 13.Bxh5 Bxg5 14.Ne2 Bxc1 15.
Raxc1 fxe4 16.Qxe4 Qd5 17.Qh4 Qd8 18.Qxd8 Rxd8 19.Rfd1 Bd7 20.h4 Be8 21.
Bg4 Rd6 22.Rc2 Rad8 23.Nc3 e5 24.Rcd2 Bg6 25.h5 Bf7 26.Ne4 Rxd4 27.Be2 
Rxd2 28.Nxd2 Na4 29.Nxc4 Rxd1+ 30.Bxd1 Bxc4 31.Bxa4 Be2 32.h6 gxh6 33.Bc2 
Kg7 34.Be4 Bc4 35.b4 h5 36.Kh2 Bd5 37.Bc2 Bf3 38.Kh3 b6 39.Kh4 a6 40.a4 a5
41.bxa5 bxa5 42.Kh3 c5 43.Kh2 Kf6 44.Kg1 e4 45.Kf1 Ke5 46.Ke1 Kd4 47.Kd2 
c4 48.Bb1 c3+ 49.Kc2 Be2 50.Ba2 Bc4 51.Bb1 Bd3+ 0-1

[Event "10th Panam-ch (w)"]
[Site "Montevideo URU"]
[Date "2012.11.28"]
[Round "7"]
[White "De Leon De San Vicente, Veronica"]
[Black "Miraballes Lopez, Carol"]
[Result "1-0"]
[WhiteElo "1690"]
[BlackElo "1568"]
[EventDate "2012.11.24"]
[PlyCount "74"]

1.c4 d5 2.cxd5 Qxd5 3.Nc3 Qd8 4.g3 g6 5.Bg2 Bg7 6.Nf3 Nf6 7.O-O O-O 8.d3 
e6 9.Bf4 Re8 10.Qd2 b6 11.Ne5 c6 12.Nxc6 Qd7 13.Nxb8 Qe7 14.Bxa8 Bb7 15.
Bxb7 Qxb7 16.Rac1 e5 17.Bh6 Qxb8 18.Bxg7 Kxg7 19.Nb5 a6 20.Nc7 Re7 21.Nxa6
Qb7 22.Nb4 e4 23.e3 exd3 24.Qxd3 Ne4 25.Qd5 Qxd5 26.Nxd5 Rb7 27.Rc6 b5 28.
Rb6 Ra7 29.Nc3 Nxc3 30.bxc3 Rxa2 31.Rxb5 Ra6 32.Rc1 Rd6 33.c4 Kf8 34.c5 
Rc6 35.Rb6 Rc8 36.Rb7 Ke8 37.c6 Kd8 1-0

[Event "10th Panam-ch (w)"]
[Site "Montevideo URU"]
[Date "2012.11.28"]
[Round "7"]
[White "Perez Cardozo, Cecilia Manuela"]
[Black "De San Vicente Yanes, Sabrina"]
[Result "0-1"]
[WhiteElo "1603"]
[BlackElo "1748"]
[EventDate "2012.11.24"]
[PlyCount "98"]

1.d4 d5 2.Nf3 e6 3.e3 f5 4.Bd3 Nf6 5.O-O Bd6 6.b3 Qe7 7.Bb2 O-O 8.Nbd2 Ne4
9.a3 Nd7 10.Ne5 Rf6 11.f4 Rh6 12.Ndf3 a6 13.Qe1 c5 14.Bxe4 dxe4 15.Ng5 
Bxe5 16.dxe5 Nb6 17.c4 Nd7 18.Rd1 b5 19.Rd6 bxc4 20.bxc4 Rb8 21.Bc1 Nxe5 
22.Qd2 Nd3 23.Rc6 Qd7 24.Rxc8+ Qxc8 25.Rd1 Rb7 26.Qc3 Rf6 27.Bd2 Rf8 28.
Be1 h6 29.Nh3 Qc6 30.Nf2 Nxf2 31.Bxf2 Rd7 32.Rxd7 Qxd7 33.h3 Qd1+ 34.Kh2 
Qd3 35.Qe5 Qxc4 36.Qd6 a5 37.Bh4 Qd5 38.Qb6 c4 39.Be1 e5 40.fxe5 Qxe5+ 41.
Kg1 Rb8 42.Qc6 Rb1 43.Qxc4+ Kh7 44.Kf2 Qb2+ 45.Qe2 Qxe2+ 46.Kxe2 Rb2+ 47.
Kf1 a4 48.Bb4 Rxb4 49.axb4 a3 0-1

[Event "10th Panam-ch (w)"]
[Site "Montevideo URU"]
[Date "2012.11.29"]
[Round "8"]
[White "Heredia Serrano, Carla"]
[Black "Aliaga Fernandez, Ingrid"]
[Result "1/2-1/2"]
[WhiteElo "2206"]
[BlackElo "2175"]
[EventDate "2012.11.24"]
[PlyCount "64"]

1.e4 c5 2.Nf3 e6 3.d4 cxd4 4.Nxd4 a6 5.Bd3 Qc7 6.Qe2 d6 7.O-O Nf6 8.c4 Be7
9.Nc3 O-O 10.f4 Nfd7 11.Kh1 Nc6 12.Be3 Nb4 13.Bb1 Re8 14.a3 Nc6 15.Bc2 Nf8
16.Rad1 Bd7 17.Nb3 Na5 18.Nxa5 Qxa5 19.e5 dxe5 20.Bd2 exf4 21.Nd5 Qd8 22.
Nxe7+ Qxe7 23.Bb4 Qd8 24.Bxf8 Kxf8 25.Rxf4 Qe7 26.Rdf1 f5 27.Be4 Bc6 28.
Bxc6 bxc6 29.Re1 Qd6 30.Rh4 Kg8 31.Rd1 Qe7 32.Rhd4 Ra7 1/2-1/2

[Event "10th Panam-ch (w)"]
[Site "Montevideo URU"]
[Date "2012.11.29"]
[Round "8"]
[White "Felix Vega, Aurora Edith"]
[Black "Feliciano Ebert, Vanessa"]
[Result "1-0"]
[WhiteElo "1963"]
[BlackElo "2267"]
[EventDate "2012.11.24"]
[PlyCount "89"]

1.e4 c5 2.Nf3 d6 3.d4 cxd4 4.Nxd4 Nf6 5.Nc3 a6 6.Be2 e6 7.O-O Be7 8.Be3 
O-O 9.f4 Nc6 10.Qe1 Bd7 11.Qg3 Qc7 12.Kh1 b5 13.a3 Rfe8 14.Nxc6 Bxc6 15.
Bd4 Qb7 16.Bd3 b4 17.axb4 Qxb4 18.Ne2 Qb7 19.Nc3 Qb4 20.Ne2 d5 21.Bc3 Qb7 
22.Bxf6 Bxf6 23.e5 Be7 24.f5 Bc5 25.f6 g6 26.Nf4 Reb8 27.b4 Bxb4 28.Rab1 
Qc8 29.Bxg6 fxg6 30.Nxg6 Kf7 31.Ne7 Qc7 32.Qg7+ Ke8 33.f7+ Kd7 34.Nxd5 Bf8
35.Nf6+ Ke7 36.Qg5 Rxb1 37.Rxb1 Rb8 38.Rf1 Qb7 39.Ne8+ Kd7 40.Rd1+ Bd5 41.
c4 Qb3 42.Qg4 Rb4 43.Rxd5+ Ke7 44.Qg5+ Kxf7 45.Rd7+ 1-0

[Event "10th Panam-ch (w)"]
[Site "Montevideo URU"]
[Date "2012.11.29"]
[Round "8"]
[White "Nunez Marquina, Nataly Massiel"]
[Black "Vargas Talavera, Gabriela"]
[Result "0-1"]
[WhiteElo "1933"]
[BlackElo "2055"]
[EventDate "2012.11.24"]
[PlyCount "62"]

1.e4 e6 2.Qe2 c5 3.b3 Nc6 4.Nf3 d6 5.Bb2 e5 6.g3 g6 7.Bg2 Bg7 8.c3 Nge7 9.
O-O O-O 10.Na3 b6 11.Rad1 a5 12.d4 Ba6 13.Nb5 Bxb5 14.Qxb5 Qc7 15.Rd2 Rad8
16.Re2 Bh6 17.Rd1 Nc8 18.h3 N8a7 19.Qd3 b5 20.Nh2 b4 21.Ng4 Bg7 22.dxc5 
dxc5 23.Qb1 bxc3 24.Bxc3 Nb5 25.Bb2 Rxd1+ 26.Qxd1 Ncd4 27.Re1 c4 28.a4 c3 
29.axb5 cxb2 30.Qd2 Qc1 31.Qe3 b1=Q 0-1

[Event "10th Panam-ch (w)"]
[Site "Montevideo URU"]
[Date "2012.11.29"]
[Round "8"]
[White "Fierro Baquero, Martha"]
[Black "Besso, Guadalupe"]
[Result "1-0"]
[WhiteElo "2364"]
[BlackElo "1744"]
[EventDate "2012.11.24"]
[PlyCount "69"]

1.c4 Nf6 2.g3 g6 3.Bg2 d5 4.cxd5 Nxd5 5.Nc3 Nxc3 6.bxc3 Bg7 7.Nf3 O-O 8.
O-O c5 9.Qb3 Qb6 10.Qc4 Qa5 11.a4 Be6 12.Qh4 f6 13.Qe4 Qa6 14.d4 Qc6 15.
Nd2 Rd8 16.Qb1 Bd5 17.e4 Bf7 18.d5 Qc7 19.Nc4 Nd7 20.f4 Nb6 21.Ne3 a5 22.
c4 Ra6 23.Bb2 Nd7 24.Bc3 e5 25.dxe6 Bxe6 26.Nd5 Bxd5 27.exd5 Nf8 28.Re1 
Rad6 29.Re2 b6 30.Qe1 R6d7 31.Bh3 f5 32.Be5 Qa7 33.Qc3 Re8 34.Rae1 Rde7 
35.Bg2 1-0

[Event "10th Panam-ch (w)"]
[Site "Montevideo URU"]
[Date "2012.11.29"]
[Round "8"]
[White "Sanchez Zambrano, Vanessa"]
[Black "Martinez, Ayelen"]
[Result "0-1"]
[WhiteElo "1942"]
[BlackElo "2088"]
[EventDate "2012.11.24"]
[PlyCount "72"]

1.d4 Nf6 2.c4 c5 3.d5 b5 4.a4 b4 5.Nd2 d6 6.e4 g6 7.Bd3 Bg7 8.Ngf3 O-O 9.
O-O Na6 10.h3 Nc7 11.Nb3 e5 12.dxe6 Nxe6 13.e5 dxe5 14.Nxe5 Bb7 15.Be2 Qc7
16.Bf3 Ne4 17.Nd3 Rfe8 18.Re1 f5 19.Be3 Rad8 20.Qc2 f4 21.Bd2 Nxd2 22.Bxb7
Nxb3 23.Bd5 Nxa1 24.Qd1 Kf8 25.Bxe6 Rxe6 26.Rxe6 Qd7 27.Qe2 Nb3 28.Qe4 Qd4
29.Qxf4+ Qxf4 30.Nxf4 Rd1+ 31.Kh2 Bxb2 32.Nd5 Nd2 33.g3 Nxc4 34.Nf4 Rd2 
35.Kg2 Bd4 36.Ne2 b3 0-1